| 000 | 00596cam a2200229 i 4500 | ||
|---|---|---|---|
| 001 | 864883 | ||
| 005 | 20171222073750.0 | ||
| 008 | 910723s1980 nyua b 001 0 eng | ||
| 010 | _a 79020855 | ||
| 020 | _a0070320683 | ||
| 040 |
_aDLC _cDLC _dDLC |
||
| 041 | _aeng | ||
| 080 | _a616.026 ISS | ||
| 082 | 0 | 0 | _a616.026 ISS |
| 100 | 1 | _a3 | |
| 101 | _aSHM | ||
| 240 | 1 | 0 | _aPrinciples of internal medicine |
| 245 | 1 | 0 | _aHarrison's principles of internal medicine. |
| 504 | _aIncludes bibliographies and index. | ||
| 906 |
_a7 _bcbc _corignew _du _eocip _f19 _gy-gencatlg |
||
| 942 |
_2ddc _cBK |
||
| 999 |
_c39341 _d39341 |
||